<?xml version="1.0" encoding="UTF-8"?>
<record
    xmlns:xsi="http://www.w3.org/2001/XMLSchema-instance"
    xsi:schemaLocation="http://www.loc.gov/MARC21/slim http://www.loc.gov/standards/marcxml/schema/MARC21slim.xsd"
    xmlns="http://www.loc.gov/MARC21/slim">

  <leader>00866nam a2200289Ia 4500</leader>
  <datafield tag="999" ind1=" " ind2=" ">
    <subfield code="c">65107</subfield>
    <subfield code="d">65107</subfield>
  </datafield>
  <controlfield tag="003">GCL</controlfield>
  <controlfield tag="005">20240530110807.0</controlfield>
  <controlfield tag="008">140319s9999    xx            000 0 ara d</controlfield>
  <datafield tag="040" ind1=" " ind2=" ">
    <subfield code="a">GCL / </subfield>
    <subfield code="c">GCL</subfield>
  </datafield>
  <datafield tag="082" ind1="0" ind2="4">
    <subfield code="a">640 \</subfield>
    <subfield code="b">&#x634; &#x62F;</subfield>
  </datafield>
  <datafield tag="100" ind1="1" ind2=" ">
    <subfield code="a">&#x627;&#x644;&#x634;&#x631;&#x643;&#x629; &#x627;&#x644;&#x634;&#x631;&#x642;&#x64A;&#x629; &#x644;&#x644;&#x645;&#x637;&#x628;&#x648;&#x639;&#x627;&#x62A;</subfield>
  </datafield>
  <datafield tag="245" ind1="1" ind2="0">
    <subfield code="a">&#x62F;&#x644;&#x64A;&#x644;&#x643; &#x633;&#x64A;&#x62F;&#x62A;&#x649; : &#x62F;&#x644;&#x64A;&#x644; &#x627;&#x644;&#x637;&#x628;&#x62E; . &#x645;&#x62C; 1 / </subfield>
    <subfield code="c">&#x627;&#x644;&#x634;&#x631;&#x643;&#x629; &#x627;&#x644;&#x634;&#x631;&#x642;&#x64A;&#x629; &#x644;&#x644;&#x645;&#x637;&#x628;&#x648;&#x639;&#x627;&#x62A;</subfield>
  </datafield>
  <datafield tag="300" ind1=" " ind2=" ">
    <subfield code="a">191 &#x635;. &#x61B;</subfield>
    <subfield code="c">28 &#x633;&#x645;.</subfield>
  </datafield>
  <datafield tag="490" ind1=" " ind2=" ">
    <subfield code="a">&#x62F;&#x644;&#x64A;&#x644;&#x643; &#x633;&#x64A;&#x62F;&#x62A;&#x649;</subfield>
    <subfield code="v">1</subfield>
  </datafield>
  <datafield tag="650" ind1="0" ind2="4">
    <subfield code="a">&#x627;&#x644;&#x645;&#x631;&#x623;&#x629;</subfield>
  </datafield>
  <datafield tag="650" ind1="0" ind2="4">
    <subfield code="a">&#x627;&#x644;&#x646;&#x633;&#x627;&#x621;</subfield>
  </datafield>
  <datafield tag="650" ind1="0" ind2="4">
    <subfield code="a">&#x627;&#x644;&#x627;&#x642;&#x62A;&#x635;&#x627;&#x62F; &#x627;&#x644;&#x645;&#x646;&#x632;&#x644;&#x649;</subfield>
  </datafield>
  <datafield tag="650" ind1="0" ind2="4">
    <subfield code="a">&#x627;&#x644;&#x627;&#x633;&#x645;&#x627;&#x643;</subfield>
  </datafield>
  <datafield tag="650" ind1="0" ind2="4">
    <subfield code="a">&#x627;&#x644;&#x633;&#x644;&#x637;&#x627;&#x62A;</subfield>
  </datafield>
  <datafield tag="650" ind1="0" ind2="4">
    <subfield code="a">&#x627;&#x644;&#x644;&#x62D;&#x648;&#x645;</subfield>
  </datafield>
  <datafield tag="650" ind1="0" ind2="4">
    <subfield code="a">&#x627;&#x644;&#x637;&#x647;&#x649;</subfield>
  </datafield>
  <datafield tag="650" ind1="0" ind2="4">
    <subfield code="a">&#x627;&#x644;&#x645;&#x639;&#x62C;&#x646;&#x627;&#x62A;</subfield>
  </datafield>
  <datafield tag="650" ind1="0" ind2="4">
    <subfield code="a">&#x627;&#x644;&#x634;&#x648;&#x631;&#x628;&#x629;</subfield>
  </datafield>
  <datafield tag="650" ind1="0" ind2="4">
    <subfield code="a">&#x627;&#x644;&#x645;&#x627;&#x643;&#x648;&#x644;&#x627;&#x62A; &#x627;&#x644;&#x628;&#x62D;&#x631;&#x64A;&#x629;</subfield>
  </datafield>
  <datafield tag="650" ind1="0" ind2="4">
    <subfield code="a">&#x627;&#x644;&#x645;&#x62E;&#x644;&#x644;&#x627;&#x62A;</subfield>
  </datafield>
  <datafield tag="942" ind1=" " ind2=" ">
    <subfield code="2">ddc</subfield>
    <subfield code="c">BK</subfield>
  </datafield>
  <datafield tag="952" ind1=" " ind2=" ">
    <subfield code="0">0</subfield>
    <subfield code="1">0</subfield>
    <subfield code="2">ddc</subfield>
    <subfield code="4">0</subfield>
    <subfield code="7">0</subfield>
    <subfield code="a">CAI</subfield>
    <subfield code="b">CAI</subfield>
    <subfield code="d">2019-03-12</subfield>
    <subfield code="l">0</subfield>
    <subfield code="o">640 \ &#x634; &#x62F;</subfield>
    <subfield code="p">165675</subfield>
    <subfield code="r">2019-03-12 00:00:00</subfield>
    <subfield code="w">2019-03-12</subfield>
    <subfield code="y">BK</subfield>
  </datafield>
  <datafield tag="952" ind1=" " ind2=" ">
    <subfield code="0">0</subfield>
    <subfield code="1">0</subfield>
    <subfield code="2">ddc</subfield>
    <subfield code="4">0</subfield>
    <subfield code="7">0</subfield>
    <subfield code="a">CAI</subfield>
    <subfield code="b">CAI</subfield>
    <subfield code="d">2019-03-12</subfield>
    <subfield code="l">0</subfield>
    <subfield code="o">640 \ &#x634; &#x62F;</subfield>
    <subfield code="p">165676</subfield>
    <subfield code="r">2019-03-12 00:00:00</subfield>
    <subfield code="w">2019-03-12</subfield>
    <subfield code="y">BK</subfield>
  </datafield>
</record>
